000 004130000a22001570004500
003 LK-CoMWRAF
008 230817t ||||| |||| 00| 0 eng d
040 _aLK-CoMWRAF
_dLK-CoMWRAF
_eLK-CoMWRAF
041 _aeng
082 _a060
_bRES
245 _aResource development 1978-1982
_badministration report
260 _aColombo
_bPlanning & implent
_c1983
300 _ap.120
650 _aStatistics
942 _cBK
999 _c2675
_d2675